| 000 | 00552nam a2200121Ia 4500 | ||
|---|---|---|---|
| 008 | 220615s9999||||xx |||||||||||||| ||und|| | ||
| 100 | _aJenkins, Henry | ||
| 245 | 0 |
_aConfronting the Challenges of Participatory Culture _bMedia Education for the 21st Century |
|
| 546 | _aEnglish[eng] | ||
| 650 | _aonline media||youth | ||
| 856 | _uhttps://library.oapen.org/bitstream/20.500.12657/26083/1/1004003.pdf||https://library.oapen.org/bitstream/20.500.12657/26083/1/1004003.pdf||https://library.oapen.org/bitstream/20.500.12657/26083/1/1004003.pdf | ||
| 942 | _cEB | ||
| 999 |
_c7829 _d7829 |
||